| 000 | 00749cam a22002653a 4500 | ||
|---|---|---|---|
| 001 | 28963 | ||
| 003 | PGUSA | ||
| 005 | 20140828083627.0 | ||
| 008 | 090525s2009||||xxu|||||s|||||000 | eng d | ||
| 040 |
_aPGUSA _beng |
||
| 042 | _adc | ||
| 050 | 4 | _aQL | |
| 100 | 1 |
_aEdwardes, Tickner, _d1865-1944 |
|
| 245 | 1 | 0 |
_aHet verhaal van de honingbij _h[electronic resource] / _cTickner Edwardes |
| 260 |
_bProject Gutenberg, _c2009 |
||
| 506 | _aPublic domain in the USA. | ||
| 516 | _aElectronic text | ||
| 653 | _aHoneybee | ||
| 653 | _aBees | ||
| 700 | 1 |
_aSpielmann, Percy Edwin, _d1881- |
|
| 700 | 1 |
_aEeden-Van Vloten, M. van, _d1857-1943 |
|
| 830 | 0 |
_aProject Gutenberg _v28963 |
|
| 856 | 4 | 0 | _uhttp://www.gutenberg.org/ebooks/28963 |
| 942 | _cEB | ||
| 999 |
_c258218 _d258218 |
||